LEADER 01083nam a2200253 i 4500 001 000000115518 003 CaOOAMICUS 005 20260413154719.0 008 030522s1981 it u000 u mul u 040 $aSeMil$bita 245 13$aLa lingua di Ebla :$batti del Convegno internazionale : Napoli, 21-23 aprile 1980 /$ca cura di Luigi Cagni. 264 1$aNapoli :$b[s.n.],$c1981$e(Roma :$fTip. Don Bosco,$g1981) 300 $aXVIII, 406 p. ;$c24 cm. 490 1 $aSeries minor ;$v14 650 4$aEbla - Civiltà.$0(OLS)http://semarc/subject/41529 650 4$aLingua eblaita.$0(OLS)http://semarc/subject/21164 830 0$aSeries minor ;$v14.$0(OLS)http://semarc/title/169204 850 $aSeMil 852 $aSeMil$W1$xVenegono$y1$m1X V 139$j270131$B71032$CSeMilBibl$Z2$F104024 $81 941 1 $a4 961 $aOmaggio: Martini Card. Carlo Maria 996 $6245$aLa lingua di Ebla :$batti del Convegno internazionale : Napoli, 21-23 aprile 1980$9(OLS)http://semarc/title/169203 996 $6264$aNapoli :$b[s.n.]$9(OLS)http://semarc/publisher/30462